Práce a mzda Odborný časopis pro otázky odměňování, pracovního práva, personalistiky a pro sociální oblast

Na minha lista:
Detalhes bibliográficos
Formato: Periódico
Idioma:tcheco
eslovaco
Publicado em: Praha Práce 1992
Assuntos:
Tags: Adicionar Tag
Sem tags, seja o primeiro a adicionar uma tag!

MARC

LEADER 00000nas2a2200000 4500
001 s016406
005 20050302095251.1
022 |a 0032-6208 
041 0 |a cze 
041 0 |a slo 
044 |a CZ 
245 1 0 |a Práce a mzda  |b Odborný časopis pro otázky odměňování, pracovního práva, personalistiky a pro sociální oblast 
264 1 |a Praha  |b Práce  |c 1992 
300 |a 1 zv. 
773 0 |w eu_un_cat*s120250 
610 2 0 |a práca 
610 2 0 |a mzdy 
610 2 0 |a právo pracovné 
610 2 0 |a politika mzdová